000 01079nam a2200193 a 4500
001 54465
005 20180714045312.0
008 140415s2008 000 0 eng d
020 _a9780831133474
041 _aeng
082 _a621.9023
_bSMI
100 1 _aSMID, PETER
245 1 0 _aCNC PROGRAMMING HANNDBOOK :
_bA COMPREHENSIVE GUIDE TO PRACTICAL CNC PROGRAMMING
250 _a3a ed.
260 _a[s.l.] :
_bINDUSTRIAL PRESS, INC.,
_c2008
300 _a540
_c20 x 2.8 x 26
520 _aOVER ITS FIRST TWO EDITIONS, THIS BEST-SELLING BOOK HAS BECOME THE DE FACTO STANDARD FOR TRAINING AND REFERENCE MATERIAL AT ALL LEVELS OF CNC PROGRAMMING. USED IN HUNDREDS OF EDUCATIONAL INSTITUTIONS AROUND THE WORLD AS THE PRIMARY TEXT FOR CNC COURSES, AND USED DAILY BY MANY IN-FIELD CNC PROGRAMMERS AND MACHINE OPERATORS, THIS BOOK LITERALLY DEFINES CNC PROGRAMMING. WRITTEN WITH CAREFUL ATTENTION TO DETAIL, THERE ARE NO COMPROMISES. MANY OF THE CHANGES IN THIS NEW THIRD EDITION ARE TH
650 1 4 _aMAQUINAS HERRAMIENTAS
_xCONTROL NUMERICO
_xPROGRAMACION
_xMANUAL
999 _c54465
_d54465